Guess The NFL Player by Picture pt 4 - Statistics

General Stats
  • This quiz has been taken 204 times
  • The average score is 10 of 12
Answer Stats
Picture Answer % Correct
Caleb Williams
97%
Kenny Pickett
93%
Trevon Diggs
92%
Philip Rivers
88%
Kyle Pitts
85%
Colin Kaepernick
84%
Jim Brown
82%
Robert Griffin III
82%
Minkah Fitzpatrick
76%
Joe Alt
75%
Brian Robinson Jr
74%
Jarvis Landry
69%
No matching quizzes found
Score Distribution
Percent of People with Each Score
Percentile by Number Answered
Your Score History
You have not taken this quiz